000 01140nam a2200253Ia 4500
001 15798
003 GE_BSU
008 181216s||||||||xx |||||||||||||| ||und||
040 _cGE_BSU
080 _a821.353.1.09 + 821.353.1-92
100 _aჭელიძე, ვახტანგ (1917-2005)
245 _aძვირფასი სილუეტები
245 _bლიტ.-პუბლ. სტატიები
245 _cრედ.ლ.თურმანიძე.
260 _aთბილისი
260 _bმერანი
260 _c1989.
300 _a574გვ. ; 22სმ
653 _aლიტ.-პუბლ. სტატიები
653 _aქართული ლიტერატურის ისტორია და კრიტიკა;
653 _aძვირფასი სილუეტები
653 _aძვირფასი სილუეტები; მხატვრული თარგმანი; თეატრალური ჩანაწერები; ფიქრები ხვალინდელ დღეზე
942 _cBK
999 _c48895
_d48895